000 00637nam a2200193Ia 4500
008 140224s9999 xx 000 0 und d
020 _a9790753406297
050 _aGB 512
_b.G34 2006
100 _aGaff, Jackie
245 _aI wonder why mountains have snow on top :
_band other questions about mountains /
_cJackie Gaff.
260 _aLondon :
_bKingfisher Publications Plc,
_cc2006.
300 _a32 p :
_bcol. ill. ;
_c29 cm.
440 _aI wonder why.
650 _aMountains
_xMiscellanea -- Juvenile literature.
650 _aMountains
_xMiscellanea.
650 _aQuestions and answers.
942 _cBK
999 _c42378
_d42378